Star Wars Characters- Clones - Statistics

General Stats
  • This quiz has been taken 881 times
    346 since last reset
  • The average score is 41 of 142
Answer Stats
Hint Answer % Correct
Captain of the 501st Captain Rex
99%
501st ARC Trooper (5555) ARC Trooper Fives
93%
Commander of the 212th Commander Cody
92%
501st ARC Trooper (1409) ARC Trooper Echo
88%
Bad Batch Brains Tech
74%
501st ARC Trooper (5597) ARC Trooper Jesse
73%
501st Trooper who ExecutedOrder 66 Prematurely Tup
72%
Bad Batch Sgt. Hunter
71%
Bad Batch Sniper Crosshair
70%
501st Trooper who Sacrificed himself on Umbara Hardcase
70%
Bad Batch Muscle Wrecker
70%
Coruscant Guard Commander Commander Fox
66%
212th Trooper on Ryloth and met Numa Waxer
66%
212th Trooper on Ryloth and met Numa Boil
64%
501st Trooper who was very loyal to Jedi Pong Krell Dogma
64%
501st Medic (CT-6116) Kix
64%
Bad Batch Rookie (Female Clone) Omega
64%
Commander of the 41st Elite Commander Gree
62%
Commander of the 104th Commander Wolffe
62%
Trooper on Rishi Station who blew hinmself up with lots of droids Hevy
61%
Commander of the 501st Commander Appo
59%
Commander of the 327th Commander Bly
59%
Clone Deserter Cut Lawquane
54%
Clone Traitor who led a unit Sgt. Slick
54%
Clone Janitor on Kamino 99
52%
Commando Captain of the 212th Commando Gregor
52%
Coruscant Guard Commander Commander Thorn
49%
Trooper on Rishi Station who was eaten by a Rishi Eel Cutup
48%
Trooper on Rishi Station killed by Commando Droids Droidbait
48%
Best Bounty Hunter in the Galaxy Boba Fett
43%
Coruscant Guard Commander Commander Thire
42%
Clone Captain; Helped Bad Batch escape Ryloth Captain Howzer
41%
Commander of the 91st Mobile Commander Ponds
40%
Captain of the 332nd Captain Vaughn
39%
Clone Commando Scorch
39%
Captain of Ima-Gun Di Captain Keeli
38%
501st Trooper who was killed by Bounty Hunter Cad Bane Denal
38%
212th Pilot Oddball
38%
ARC Commander on Kamino Commander Colt
36%
Commander of the 91st Mobile Commander Neyo
35%
Lt. Pilot in the 501st Hawk
35%
ARC Commander on Kamino Commander Havoc
34%
Tango Company Trooper Havoc
34%
Clone Commando Boss
33%
Clone Commando Fixer
33%
Clone Commando Sev
33%
Commander of Tiplee & Tiplar Commander Doom
32%
Coruscant Guard Trooper with Lt. Thire on Rugosa Jek
32%
Trooper in the 104th who survived in an escape pod with Above Boost
31%
ARC Commander on Kamino Commander Blitz
30%
Coruscant Guard Commander Commander Stone
30%
212th Trooper who was electro-cuted in the Citadel Longshot
30%
Sergeant in the 104th Sinker
29%
Clone stationed on Serenno (Post Clone Wars) Captain Wilco
28%
Trooper in the 104th who used a jetpack Comet
28%
Commander of Nahdar Vebb Commander Fil
28%
Coruscant Guard Sgt. who led a tracking massiff, Grizzer Hound
27%
327th Trooper who crash landed on the planet Maridun Lucky
27%
Pilot (Shadow Squadron) Matchstick
27%
Sergeant on Rishi Station Sgt. O'Niner
27%
501st Pilot (Blue Squadron) Axe
25%
Commander on Barton-4 Commander Mayday
25%
SCUBA Commander Commander Monnk
25%
Tango Company Lt. Trap
25%
501st Trooper who fell to his death in the Citadel Charger
24%
ARF Commander of Halsey/Knox Commander Trauma
24%
501st Trooper aboard the Coronet killed by a probe droid Mixer
24%
501st Trooper aboard the Coronet killed by a probe droid Redeye
24%
Pilot in the 104th Warthog
24%
Pilot who Shot Down Plo Koon Captain Jag
23%
Trooper in Slick's Unit Chopper
23%
Member of Captain Rex's Resistance Network Fireball
23%
41st Elite Trooper killed on Geonosis in front of Unduli Buzz
22%
Coruscant Guard Trooper with Lt. Thire on Rugosa Rys
22%
Trooper in Nahdar Vebb's Unit Niner
21%
212th Trooper who survived with Kenobi when they crash landed Trapper
21%
Stealth Operations Commander Commander Blackout
20%
212th Trooper specializing in robolobotomy (Saleucami) Crys
19%
327th Trooper who crash landed on the planet Maridun Flash
19%
501st Trooper who was blown up on Umbara Oz
19%
501st Trooper who was blown up on Umbara Ringo
19%
327th Trooper who crash landed on the planet Maridun Cameron
18%
332nd Trooper Sterling
18%
Pilot (Shadow Squadron) Broadside
17%
Captain of Eeth Koth Captain Lock
17%
91st Mobile Trooper killed by the Zillo Beast Hawkeye
17%
Coruscant Guard Trooper killed by the Zillo Beast on Coruscant Kosmos
17%
Member of Captain Rex's Resistance Network Nemec
17%
Tango Company Trooper Ox
17%
212th Trooper on Ryloth and scouted with Commander Cody Wooley
17%
Trooper in Nahdar Vebb's Unit Bel
16%
41st Elite Trooper who wielded a rocket launcher on Geonosis Draa
15%
212th Trooper killed in the Second Battle of Geonosis Gearshift
15%
Cody's Man (with explosives) Nova
15%
332nd Trooper Ridge
15%
501st Pilot (Blue Squadron) Slammer
15%
Friend of Above; Told Riyo Chuchi Slip
15%
Stealth Operations Trooper Spark
15%
Trooper on Rishi Station killed by Commando Droids Nub
14%
91st Mobile ARF Trooper Razor
14%
Clone Assassin; Killed the above two Clone X "Sniper X"
13%
Pilot who dropped a bomb on the Zillo Beast Goji
13%
Member of Captain Rex's Resistance Network Greer
13%
Trooper in Slick's Unit Gus
13%
Trooper in Slick's Unit Jester
13%
501st Pilot (Blue Squadron) Kickback
13%
Coruscant Guard Pilot shot down by Pirates on Florrum Mack
13%
Member of Captain Rex's Resistance Network Samson
13%
501st Pilot (Blue Squadron) Tucker
13%
Tango Company Trooper Edge
12%
501st Trooper who was with Above when killed by Bane Koho
12%
Lt. in the 327th Lt. Galle
12%
Tango Company Trooper Scythe
12%
Trooper in Slick's Unit Sketch
12%
91st Mobile ARF Trooper | Clone Cadet; Abandoned on Setron Stak
12%
Served on Barton-4 with the commander Hexx
11%
Tango Company Trooper Pulsar
11%
501st Pilot (Blue Squadron) Swoop
11%
Tried speaking out against Admiral Rampart Cade
10%
Naval Captain under Windu Captain Silver
10%
Naval Captain under Yoda Captain Zak
10%
Clone Assassin; Infiltrated Rex's base on Teth CX-2
10%
Trooper in Slick's Unit Punch
10%
Served on Barton-4 with the commander Veetch
10%
Oversaw Clone Youth Brigade Crasher
9%
Trooper on Rishi Station who was the deck officer CT-327
9%
Clone Assassin; Captured by Howzer on Pantora CX-1
9%
Clone Cadet (Bully of Boba Fett) Hotshot
9%
Clone Cadet (Nice to Boba Fett) Jax
9%
501st Homeless Veteran on Daiyu Nax
9%
91st Mobile Gunner Stew
9%
Cody's Man (with flamethrower) Wyler
9%
Clone Cadet (1174) Whiplash
8%
Gunner who dropper a bomb on the Zillo Beast Rod
7%
Clone Commando; Served alongside Wolffe Hilo
6%
Clone Cadet; Abandoned on Setron Mox
6%
Imprisoned in Tantiss; Helped freed Bad Batch Vik
6%
Clone Cadet (1151) 1151
5%
Member of Wilco's Unit (Knocked out by Tech) CT-3278
4%
Member of Wilco's Unit (Stunned by Wrecker) CT-8801
4%
Clone Cadet; Abandoned on Setron Deke
4%
No matching quizzes found
Score Distribution
Percent of People with Each Score
Percentile by Number Answered
Your Score History
You have not taken this quiz since the last reset